KOHA-Header-6

Make Your Own Python Text Adventure (Record no. 2369)

000 -LEADER
fixed length control field 00314nam a2200121Ia 4500
008 - FIXED-LENGTH DATA ELEMENTS--GENERAL INFORMATION
fixed length control field 190802s9999 xx 000 0 und d
020 ## - INTERNATIONAL STANDARD BOOK NUMBER
International Standard Book Number 978-1-4842-3230-9
100 ## - MAIN ENTRY--PERSONAL NAME
Personal name Phillip Johnson
245 #0 - TITLE STATEMENT
Title Make Your Own Python Text Adventure
260 ## - PUBLICATION, DISTRIBUTION, ETC. (IMPRINT)
Place of publication, distribution, etc Australia
Name of publisher, distributor, etc McGraw Hill
Date of publication, distribution, etc 2018
300 ## - PHYSICAL DESCRIPTION
Extent 149:p
942 ## - ADDED ENTRY ELEMENTS (KOHA)
Koha item type Books
Holdings
Withdrawn status Lost status Source of classification or shelving scheme Damaged status Not for loan Collection code Permanent Location Current Location Shelving location Date acquired Full call number Barcode Date last seen Price effective from Koha item type
          Computer Science MAJU MAJU Shelf No.A32 2019-08-03 5.13 8992 2019-08-03 2019-08-03 Computer Science

Powered by Koha